| 000 | 01727cam a22004454i 4500 | ||
|---|---|---|---|
| 003 | PE-LiUPU | ||
| 005 | 20250731172927.0 | ||
| 008 | 170522s1921 gau r 000 0 spa d | ||
| 035 | _a(Sirsi) a204016 | ||
| 040 |
_aPE-LiUPU _bspa _cPE-LiUPU _erda |
||
| 049 | _aPRUA | ||
| 082 | 0 | 4 |
_a220.3 _bH79 _220 |
| 100 | 1 |
_aHowell, Warren Eugene, _d1869-1943, _eautor. |
|
| 245 | 1 | 0 |
_aGospel key words : _bstudies from the original with special reference to those who do not read Greek, but of equal value to those who do / _cWarren Eugene Howell. |
| 264 | 1 |
_aAtlanta, Georgia : _bSouthern Publishing Association _c1921. |
|
| 300 |
_a239 pages ; _c21 centimeters |
||
| 336 |
_atext _2rdacontent |
||
| 337 |
_aunmediated _2rdamedia |
||
| 338 |
_avolume _2rdacarrier |
||
| 505 | 0 | _aForeword -- Directions for use -- Gospel key words -- Phrase study -- Supplied words -- Rules of greek usage. | |
| 526 | _aSEG42 | ||
| 526 | _aSEG41 | ||
| 526 | _aSEG40 | ||
| 526 | _aSEG39 | ||
| 526 | _aP94 | ||
| 526 | _aP87 | ||
| 526 | _aP86 | ||
| 526 | _aP85 | ||
| 526 | _aP77 | ||
| 526 | _aP76 | ||
| 526 | _aP35 | ||
| 650 | 0 | 4 |
_aBiblia. _pN.T. _xCrítica, interpretación, etc. |
| 910 |
_ajck _bncf _cncf _d20170522 |
||
| 942 |
_2ddc _cBOOK |
||
| 949 |
_a220.3 H79 _wDEWEY _c1 _i75786 _lCCODEBUL1 _mBUL _p10.00 _r0 _sY _tBOOK _u2017-05-22 _xPOSGRADO _zMA.TEOLOGIA _0DONACION _o.STAFF. Colección Teologia |
||
| 994 |
_aC0 _bPEPRU |
||
| 596 | _a1 | ||
| 999 |
_a220.3 H79 _wDEWEY _c20394 _i75786 _f2021-11-11 _g4 _lCCODEBUL1 _mBUL _p10.00 _r0 _sY _tBOOK _u2017-5-22 _xTEOLOGIA _PP85 _0DONACION _o.STAFF. Colección Teologia _d20394 |
||
| 980 |
_81 _gALBERTO SANCHEZ Responsable de Automatización |
||